000 00591nam a2200241Ia 4500
003 OSt
005 20220924152534.0
006 a|||||r|||| 00| 0
007 ta
008 220923b |||||||| |||| 00| 0 mar d
020 _c2.25
024 _a342965
037 _cTextual
040 _aARTS
_cARTS
_bmar
041 _2mar
_amar
082 _aV235:51wM86, 155K3
100 _aGhorpde
_9226905
245 0 _aKarm Vir Bhau Rao Patil
260 _c1963
650 _aHISTORY
942 _hV235:51wM86, 155K3
_cTEXL
_2CC
999 _c470132
_d470132